[Event "CRO-ch 6th"]
[Site "Pula"]
[Date "1998.01.15"]
[Round "7"]
[White "Rogulj, Branko"]
[Black "Cvitan, Ognjen"]
[Result "1/2-1/2"]
[WhiteElo "2430"]
[BlackElo "2560"]
[Annotator "Tyomkin,D"]
[PlyCount "73"]
[EventDate "1998.01.09"]
[EventType "tourn"]
[EventRounds "13"]
[EventCountry "CRO"]
[EventCategory "9"]
[SourceTitle "CBM 064"]
[Source "ChessBase"]
[SourceDate "1998.06.02"]
[SourceVersion "1"]
[SourceVersionDate "1998.06.02"]
[SourceQuality "1"]

1. e4 c5 2. Nf3 d6 3. d4 cxd4 4. Nxd4 Nf6 5. Nc3 a6 6. Bg5 e6 7. f4 Be7 8. Qf3
Qc7 9. O-O-O Nbd7 10. g4 b5 11. Bxf6 Bxf6 12. g5 Be7 13. f5 Bxg5+ 14. Kb1 Ne5
15. Qh5 Qd8 16. Rg1 Bf6 17. Nxe6 $2 $146 (17. fxe6 g6 (17... O-O 18. Bh3 g6 19.
Nd5 (19. Qe2 Kh8 20. Rgf1 Bg7 21. Qg2 Nc4 22. e5 Bxe6 23. Bxe6 Ne3 24. Qe2 Nxf1
25. Bh3 Nxh2 26. Nc6 Qh4 27. Qxh2 dxe5 $17 {Matulovic,M-Quinteros,M/Wijk aan
Zee 1974/0-1(42)}) 19... Kh8 (19... fxe6 20. Bxe6+ Kh8 21. Qe2 {1/2-1/2 Lalic,
B-Sadler,M/Monarch Assurance, Port Erin ENG 1997}) 20. Qe2 fxe6 21. Bxe6 Ra7 $5
{Psakhis,L} (21... Re8 22. Bxc8 Rxc8 23. h4 Bxh4 (23... Nc4 24. h5 Bxd4 25.
Rxd4 gxh5 26. Qxh5 $16 {Mecking,H-Quinteros,M/Manila izt 1976/1-0(41)}) 24. Rh1
Rc4 25. b3 Rc8 26. Qh2 g5 27. Nf5 Re6 28. Qh3 Re8 29. Nde7 {1-0 Groszpeter,
A-Orso,M/Budapest HUN ch 1979}) 22. Nxf6 (22. Rdf1 $5) (22. Qg2 $5 {/\ Qh3})
22... Rxf6 23. Bd5 Re7 24. h4 (24. a3 $5) 24... Qf8 25. a3 $2 (25. Qe3 $10)
25... Bg4 $1 26. Rxg4 Rf2 $15 {Psakhis,L-Cvitan,O/Geneve 1992/0-1(50)}) 18.
exf7+ Kxf7 19. Qe2 Rf8 (19... Bg7 20. Qf2+ Qf6 21. Qg3 {/\ 22. Nd5, 22. Bb5!
ab5 23. Rgf1} Rf8 (21... Qd8 {Ivanchuk} 22. Nf5 (22. Nd5 $5 {/\ Qb3}) 22... Bf8
23. Be2 (23. Qxe5 dxe5 24. Rxd8 gxf5 25. exf5 Ke7 26. Rd5 Bxf5 27. Rxe5+ Kf6
28. Rd5 Re8 29. Bd3 Bxd3 30. Rxd3 $18) 23... gxf5 (23... Be6 24. Nd4 $5) 24.
Bh5+ Ke7 25. exf5 $1 $16 {Ivanchuk,V-de Firmian,N/Reggio Emilia 1989/1-0(32)} (
25. Nd5+ $2 Kd7 26. Nb6+ Kc6 27. Nxa8 Be7 $1 28. exf5 Kb7 29. Bf3+ Kb8 $44))
22. Nd5 (22. Bxb5 $5) 22... Qd8 23. Qb3 Ke8 24. Bh3 Ra7 25. Be6 Bd7 26. Qh3 h5
27. Nf5 $1 $18 {Luther,T-Vaulin,A/Kecskemet 1993/1-0(43)}) 20. Qe3 Ng4 21. Qh3
Kg8 22. Nd5 Nf2 23. Qb3 Kg7 24. Rd2 Nxe4 25. Rd1 Bxd4 26. Rxd4 Qg5 27. Qe3 Qxe3
$17 {Enders Peter-Ftacnik Lubomir/Bundesliga 1995/1/2-1/2 (59)}) 17... g6 18.
fxg6 (18. Nxd8 $2 gxh5 {[%csl Rd8]}) 18... fxg6 $2 (18... Bxe6 $142 $17 19. g7
(19. gxh7 Ke7 20. Bh3 $17) 19... Rg8 20. Qxh7 Ke7 {[%cal Ge5g6]} 21. Bh3 Nf3
22. Bxe6 fxe6 23. Rg6 Bxc3 24. bxc3 $17 (24. Qh3 Qc8 $1 25. Qxf3 Rxg7 $1)) 19.
Qxe5 Bxe5 20. Nxd8 Kxd8 21. h4 Be6 22. Be2 $6 (22. Nd5 $15) 22... Ke7 $2 (22...
Bxc3 23. bxc3 Ke7 24. Rdf1 Raf8 $17 (24... Rac8 $6 25. h5) (24... Rhf8)) 23.
Nd5+ Bxd5 24. exd5 Raf8 $11 {_|_^-} 25. h5 gxh5 26. Bxh5 Rf4 27. Rde1 Kd8 28.
a3 Rhf8 29. Rh1 R8f6 30. Be2 h6 31. Ref1 Rxf1+ 32. Rxf1 Rxf1+ 33. Bxf1 h5 34.
c4 bxc4 35. Bxc4 a5 36. Kc2 h4 37. Bf1 1/2-1/2

[Event "Bundesliga 0001"]
[Site "Germany"]
[Date "2001.03.11"]
[Round "11.4"]
[White "Baklan, Vladimir"]
[Black "Gallagher, Joseph G"]
[Result "1-0"]
[WhiteElo "2599"]
[BlackElo "2514"]
[Annotator "Tyomkin,D"]
[PlyCount "69"]
[EventDate "2000.10.14"]
[EventType "team-tourn"]
[EventRounds "15"]
[EventCountry "GER"]
[SourceTitle "CBM 082"]
[Source "ChessBase"]
[SourceDate "2001.05.17"]
[SourceVersion "1"]
[SourceVersionDate "2001.05.17"]
[SourceQuality "1"]
[WhiteTeam "Magdeburg USC"]
[BlackTeam "Castrop Rauxel"]
[WhiteTeamCountry "GER"]
[BlackTeamCountry "GER"]

1. e4 c5 2. Nf3 d6 3. d4 cxd4 4. Nxd4 Nf6 5. Nc3 a6 6. Bg5 e6 7. f4 Be7 8. Qf3
Qc7 9. O-O-O Nbd7 10. g4 b5 11. Bxf6 Nxf6 12. g5 Nd7 13. f5 Bxg5+ 14. Kb1 Ne5
15. Qh5 Qe7 $6 {[%mdl 4] I don't advise to play 15...Qe7 line here, especially
after this game.} (15... Qd8 {-is optional and more popular.}) 16. Nxe6 Bxe6
17. fxe6 g6 18. exf7+ Kxf7 19. Qh3 $1 {[%cal Yh3c8,Yh3a3,Gc3d5] White queen is
very powerful on h3. White gonna play Nd5 on his next move, and then white
queen has an access to weak points of black through the diagonal h3-c8 or the
3rd rank.} (19. Qe2 {-this move was tried in few games, but it looks less
dangerous for black than 19.Qc3.}) 19... Kg7 20. Nd5 Qd8 (20... Qa7 21. Qe6 {
[%cal Ge6d6,Gh2h4] Removing the queen from h-file with the tempo, and
preparing h4-break.} Qc5 (21... Rhe8 $5 22. Qxd6 Rac8 $16) 22. h4 Rae8 23. Qh3
Bh6 24. Be2 (24. h5 a5 25. Be2 b4 26. Rdg1 Qc8 27. Qxc8 Rxc8 28. Ne7 $18 {
[%csl Rc8][%cal Re7f5] 1-0 Brodsky,M-Coleman,D/Isle of Man 1996/EXT 97 (44)})
24... Ref8 25. Qe6 Rf2 26. Rhf1 Rhf8 27. b4 Qc6 28. Rxf2 Rxf2 29. Rf1 Rxf1+ 30.
Bxf1 Bd2 31. Qf6+ Kh6 32. Qf2 {1-0 Rodriguez,A-Sulipa,A/Albacete 1995/EXT 98 
(32)}) 21. Qc3 $1 {This move is the most dangerous for black- white has
immediate threat, Nd5-c7, as well as white intends to begin an action over the
kingside by h2-h4. In other lines black can survive:} (21. Be2 Rf8 22. Rhf1
Rxf1 23. Rxf1 Ra7 (23... Rb8 24. Qe6 $6 Qd7 25. Qxd7+ Nxd7 26. Bd3 $11 {
1/2-1/2 Rudolf,H-Najer,E/Polanica Zdroj POL 1999 (59)}) 24. Qc3 (24. Qa3 $5)
24... Rb7 25. a3 a5 26. b4 axb4 27. axb4 Kh8 28. Kb2 Bh6 $1 $11 {[%cal Gh6g7]
1/2-1/2 Berelovich,A-Van Wely,L/Dieren 1999/CBM 71 ext (68)}) (21. Qg3 Bh4 22.
Qc3 Ra7 23. Qd4 (23. Qa3 {1/2-1/2 Groszpeter,A-Gallagher,J/Biel 1990/CBM 19 
(23)}) 23... Rf7 24. Nb4 Bf6 25. Qd5 (25. Qxd6 $2 Rd7) 25... Ng4 $132 {1-0
Nataf,I-Shishkov,A/Szeged 1994/TD (47)}) 21... Ra7 {This moves prevents Nc7,
but it doesn't solve all problems. Black may try 21...Rc8 looking for
improvement of this opening line.} (21... Rc8 $5 22. Qa3 Rc6 $1 {[%csl Ra6,Rd6]
protecting all weak points for a while.}) (21... Rf8 $2 22. Nc7 {[%csl Ra8]
[%cal Gc7e6]}) 22. Qa3 $16 {[%mdl 4]} Ra8 {22...Rf8 is more resistant, but
white has an advantage anyhow.} (22... Rf8 23. Bxb5 (23. h4 Rf3 $1) 23... Rf3
24. Qa4 (24. Bd3 $5) 24... Qc8 25. h4 Bh6 26. Be2 (26. h5 $5) 26... Rf2 27. Qd4
Qc5 28. Nc3 Qxd4 29. Rxd4 $16 {0-1 Vasquez,R-Lesiege,A/New Delhi/Theran 2000/
CBM 80 (51)}) 23. Be2 h6 $146 {The idea of the move is probably to set free
h7-square for the black king, but it doesn't disturb white to create very
strong attack in few moves. White has played very nice game after the
following move:} (23... Rf8 24. h4 Bxh4 (24... Be7 25. h5 $40) 25. Qh3 Rf2 (
25... g5 26. Ne3 {[%cal Ge3f5]}) 26. Nc7 $1 Qxc7 27. Qxh4 Qf7 28. Qxh7+ Kf8 29.
Qh8+ Qg8 30. Qh4 $1 Rxe2 31. Qf6+ Nf7 32. Qf3 $1 $18 {[%csl Re2] 1-0
Groszpeter,A-Ruck,R/Paks HUN 1999 (38) The rook is trapped.}) 24. h4 $1 Bxh4 (
24... Be7 25. h5 g5 26. Ne3 (26. Nxe7 Qxe7 27. Rxd6 Rhd8 28. Rhd1 Rxd6 29. Rxd6
(29. Qxd6 Qxd6 30. Rxd6 $16 {[%cal Gd6e6]}) 29... g4 $1 $132) 26... Kh7 27. Nf5
$16 {[%csl Rd6][%cal Gd1d5,Yh1d1]}) 25. Nf4 {[%csl Rd6][%cal Rf4e6]} Kh7 {
More resistant was:} (25... Qf6 $1 26. Rhf1 Qe7 {That was the idea 25...Qf6-
white rook is placed worse on f1- but white has big advantage anyway.} (26...
Kh7 27. Rxd6 Qe7 28. Nd5 $18) 27. Rxd6 $18) 26. Rxd6 Qe7 (26... Qg5 27. Nxg6 $1
Nxg6 28. Rd7+ Ne7 29. Rxh4 $18 Qxh4 30. Rxe7+ Kg6 (30... Kg8 31. Qb3+) 31. Qd6+
Qf6 32. Re6 $18) 27. Nd5 Qg5 (27... Qa7 28. Re6 Rhe8 (28... Nf7 29. Qd3 {
[%csl Rg6][%cal Rh1h4,Re4e5]} Bg5 30. e5 $18 {[%cal Ge2h5]}) 29. Rxe8 Rxe8 30.
Bxb5 $18) 28. Qh3 $1 {[%mdl 128] White has made the correct choice- it is much
better than to win a6-pawn trading the active rook d6, and giving black some
counter chances. Actually, white wins by force now. But look on a pass of the
white queen over the 3rd rank- it was moved to h3, then to c3, a3 and
decisively back to h3!} (28. Rxa6 Rxa6 29. Qxa6 Rf8 (29... Qg2 30. Qa7+ Kg8 31.
Rxh4 $18) 30. Qd6 Qg2 31. Rc1 $16) 28... Bf2 {[%tqu "En","Find out decisive
breakthrough.","","","d6d7","",10]} 29. Rd7+ $1 {[%mdl 128]} Nxd7 30. Qxd7+ Kg8
31. Ne7+ Kf8 32. Rf1 Qg2 (32... Qf6 33. Nxg6+ Qxg6 (33... Kg8 34. Bg4 $1 $18 {
[%cal Gg4e6]}) 34. Rxf2+ Kg8 35. Qd5+ Kh7 (35... Kg7 36. Qb7+ {[%cal Rb7a8]})
36. Rf7+ $18) 33. Nxg6+ $1 {[%mdl 128] That's the final blow.} Qxg6 34. Rxf2+
Kg8 35. Qd5+ (35. Qd5+ Kh7 (35... Kg7 36. Qb7+ $18) 36. Rf7+ $18) 1-0

[Event "EU-ch 2nd"]
[Site "Ohrid"]
[Date "2001.06.01"]
[Round "1"]
[White "Luther, Thomas"]
[Black "Efimenko, Zahar"]
[Result "1-0"]
[WhiteElo "2568"]
[BlackElo "2439"]
[Annotator "Tyomkin,D"]
[PlyCount "65"]
[EventDate "2001.06.01"]
[EventType "swiss"]
[EventRounds "13"]
[EventCountry "YUG"]
[SourceTitle "CBM 084"]
[Source "ChessBase"]
[SourceDate "2001.09.13"]
[SourceVersion "1"]
[SourceVersionDate "2001.09.13"]
[SourceQuality "1"]

1. e4 c5 2. Nf3 d6 3. d4 cxd4 4. Nxd4 Nf6 5. Nc3 a6 6. Bg5 e6 7. f4 Be7 8. Qf3
Qc7 9. O-O-O Nbd7 10. g4 b5 11. Bxf6 Nxf6 12. g5 Nd7 13. f5 Nc5 14. f6 gxf6 15.
gxf6 Bf8 16. Rg1 h5 17. Re1 $5 $146 {[%mdl 8] This very rare move may become
fashionable thanks to this game; I didn't find any game with this move in my
database, but it is mentioned in general opening book of Fritz, and the line
is ended after 17...Bd7; White rook is very useful on e1- first of all, e4 is
overprotected and white doesn't have to worry about b4 and Bb7 then; secodnly,
white can use rook on e1 for blows Nd5 and Nf5; Two main lines are:} (17. a3) (
17. Rg7) 17... Bd7 (17... b4 18. Nd5 Qb7 (18... exd5 19. exd5+ $18)) (17... Bb7
$6 18. Bh3 {[%cal Yh3c8]} O-O-O $140 19. Nd5 $36) 18. Kb1 {[%mdl 32] White is
following the same, waiting strategy, improving the it's position step by step;
After Kb1 white intends to play Rg5 (immediate Rg5 doesn't work because of Bh6)
, attacking h5-pawn;} (18. Nf5 {doesn't achieve too much because of:} O-O-O)
18... O-O-O $6 {After this move, white is getting huge advantage in few moves;}
(18... b4 19. Nce2 $5 {[%cal Ge2g3]} (19. Nd5 exd5 20. exd5+ Kd8 21. Bh3 Kc8
22. Nc6 Kb7 23. Bxd7 Nxd7 24. Re4 a5 {and black has defended;})) (18... Rc8 $5
19. Re2 $5 {[%csl Gc2][%cal Ye2c2] to add protection to c2, getting rid of
b5-b4, following by e6-e5, ideas of black;} (19. Nd5 exd5 20. exd5+ Kd8 21. Bh3
Qb6 $13) 19... b4 20. Nd1 {[%cal Yd1e3,Yd1f2]}) 19. Rg5 h4 20. Rd1 $5 {[%cal
Yd1d4][%mdl 32] Protecting Nd4-tactical weakness, which can be found under
attack after black's Qb6 and some move of the Nc5;} (20. a3 $16) 20... Kb8 21.
a3 $16 Qb6 22. Rh5 Bh6 (22... Rh6 23. Rxh6 Bxh6 24. Qh5 Bf4 {[%cal Gf4e5]} 25.
Nf3 $1 $16 {[%csl Rf7,Rh4]}) 23. Rxh4 Bg5 24. Rg4 Bh4 $6 {Better was to move
it to h6, keeping g7-spot under control;} (24... Bh6 $142 {[%csl Yg7]} 25. Bg2
$16) 25. Bg2 Ka7 26. Rg7 Rdf8 27. e5 $1 {All is setted for the final action!}
d5 (27... dxe5 28. Nb3 $1 $18 {[%csl Rb7,Rd7][%cal Yb3c5]} Bc6 29. Qxc6 Qxc6
30. Bxc6 Nxb3 31. cxb3 Bxf6 32. Rg2 $18) 28. Qf4 $18 {[%csl Rh4][%cal Yg7g4,
Yd4f3] Bh4 is cutted out of black's camp;} Na4 29. Na2 {Preventing any
counterplay of black over the queenside;} Rh5 {The idea is to protect the
bishop by another rook after white's Rg4;} 30. Bf3 (30. Qg4 Rhh8 31. Bxd5 $18)
(30. Rg4 $140 Rfh8) 30... Rhh8 31. Be2 {[%cal Rg7g4] Now black is just unable
to prevent Rg4 with the loss of Bh4;} Qa5 {[%cal Gh4e1] Trying to escape with
the bishop from e1....} 32. Rg4 Be1 33. Nb3 {[%csl Re1] Finally black bishop
is getting lost;} 1-0

[Event "Linares Anibal op 04th"]
[Site "Linares"]
[Date "1997.01.??"]
[Round "9"]
[White "Georgiev, Vladimir"]
[Black "Herrera, Irisberto"]
[Result "1-0"]
[WhiteElo "2515"]
[BlackElo "2450"]
[Annotator "Tyomkin,D"]
[PlyCount "85"]
[EventDate "1997.02.??"]
[EventType "swiss"]
[EventRounds "10"]
[EventCountry "ESP"]
[SourceTitle "CBM 058"]
[Source "ChessBase"]
[SourceDate "1997.06.01"]
[SourceVersion "1"]
[SourceVersionDate "1997.06.01"]
[SourceQuality "1"]

1. Nf3 {Gershon} c5 2. e4 d6 3. d4 cxd4 4. Nxd4 Nf6 5. Nc3 a6 6. Bg5 e6 7. f4
Be7 8. Qf3 Qc7 9. O-O-O Nbd7 10. g4 b5 11. a3 Rb8 (11... Bb7 {Gershon} 12. Bxf6
Bxf6 13. g5 Be7 14. Rg1 (14. f5 $5 Bxg5+ 15. Kb1 Ne5 16. Qh5 Qe7 17. Nxe6 Bf6
18. Nf4 $16) 14... Rc8 15. Kb1 Nb6 16. h4 $2 {You can't waste so much time in
a "who is first?" game.} (16. f5 $142 $36) 16... d5 17. Rg3 b4 18. axb4 Bxb4
19. exd5 Bxc3 20. bxc3 Nxd5 $17 {0-1 Fels,K-Margraf,A/WchS-Bad Woerishofen
1992 (38)}) 12. Bxf6 Nxf6 13. g5 Nd7 14. h4 (14. f5 $6 {Gershon} Nc5 (14...
Bxg5+ $142 15. Kb1 Ne5 16. Qh5 Qe7 17. fxe6 g6 18. Qe2 fxe6 19. Bh3 O-O 20.
Rhg1 Bf6 21. Rdf1 b4 22. axb4 Rxb4 23. Nb3 Qb7 $17 {0-1 Moreno-Sammalvuo/32nd
Chess Olympiad, Yerevan 1996 (39)}) 15. Qg4 (15. Bh3 $6 Bxg5+ 16. Kb1 Bf6 17.
fxe6 fxe6 18. Qe3 b4 19. axb4 Rxb4 20. Nce2 O-O 21. Bg2 Bd7 22. Rd2 Rfb8 23. c3
R4b6 24. Rc1 e5 25. Nf5 Nb3 $19 {Braun,W-Loehr,G/VLNBaden 1993/0-1 (57)}) 15...
b4 16. axb4 Rxb4 17. g6 Bf6 18. gxf7+ Qxf7 19. fxe6 Nxe6 20. Nf5 Be5 21. Nxd6+
Bxd6 22. Rxd6 O-O 23. Bxa6 Bxa6 24. Qxe6 Qxe6 25. Rxe6 $18 {1-0 Rozmbersky,
D-Hitzgerova,G/Plzen opJ 1995 (41)}) (14. Bh3 $6 {Gershon} Nc5 15. b4 (15. f5
$2 b4 16. axb4 Rxb4 17. fxe6 fxe6 18. g6 Bg5+ 19. Kb1 Bf6 20. Nf5 exf5 21. exf5
Bb7 22. Nd5 Rxb2+ 23. Kc1 Bxd5 24. Qxd5 Nb3+ {0-1 Felden,D-Roellig,F/GER-chJI
U20 Hamburg 1993}) 15... Na4 16. Rd3 Bd7 17. Re1 Nxc3 18. Rxc3 Qb6 19. Qe3 a5
20. bxa5 Qxa5 21. f5 $4 (21. Rb3 $142 O-O $15) 21... Bxg5 22. Qxg5 Qxc3 $19 {
0-1 Flaisigova,P-Hitzgerova,G/Plzen opJ 1995 (33)}) 14... b4 15. axb4 Rxb4 16.
Bh3 {White chose the line which was very popular more than 20 years ago,as you
can see in the opening survey White made a useful move and is waiting for
black to decide what he is going to do: if 0-0 then h5-g6; and if Nc5 (like in
the game) then white can play f4-f5 without being afraid of the knight.} (16.
h5 {-theory}) (16. f5 $6 {[%csl Ge5] Gershon} Ne5 17. Qf2 O-O 18. f6 Bd8 19.
fxg7 Kxg7 20. Bg2 (20. Nf5+ exf5 21. Nd5 Qc5 22. Qxc5 dxc5 23. Nxb4 cxb4 $17)
20... Qb6 21. b3 Qa5 22. Kb1 Bb6 $13) (16. h5 {Gershon} Qb6 17. Nb3 $36) 16...
Nc5 $2 (16... Qc5 $1 17. Nb3 (17. Nxe6 $6 fxe6 18. Bxe6 Nb6 $17 {
Georgadze-Pytel, Lublin 1972}) 17... Qb6 18. h5 Nc5 19. Nxc5 dxc5 $1 20. g6
Rxb2 $1 (20... fxg6 21. hxg6 h6 22. Nd5 exd5 23. Bxc8 O-O $1 24. Qg4 Rxe4 25.
Rde1 (25. Bf5 Bf6 $1 26. Bxe4 Bxb2+ 27. Kd2 Qb4+ $19 {Kaplan-Browne, Madrid
1973}) 25... Bf6 26. c3 Qa5 $13 {Bellin-Portisch, Teesside 1972}) 21. h6 fxg6
22. hxg7 Rg8 23. Bg4 c4 24. Rxh7 Ba3 $1 25. Kd2 Rxc2+ $1 {0:1
Nasekovsky-Novikov, USSR 1976}) 17. f5 Qb6 18. Rhf1 $5 $146 (18. fxe6 fxe6 19.
Nxe6 Nxe6 (19... Bxe6 $2 20. Bxe6 Nxe6 21. Nd5 Qc5 22. Nxb4 Qxb4 23. e5 $16 {
Hartston-Larsen, La Habana(ol) 1966}) 20. Nd5 Qb7 21. Nxb4 $5 {Tyomkin D} (21.
Qc3 {!-Adorjan} Rb5 (21... Rxe4 22. Bg2 $1 Re5 23. Nxe7 Qxg2 24. Qxc8+ Nd8 25.
Rhe1 {+-[Adorjan]} Rxe1 26. Rxe1 Qg3 27. Kd1 Qf3+ 28. Re2 Qf1+ 29. Kd2 Qf4+ 30.
Re3 Kf7 (30... Qf2+ 31. Kd3 Qf1+ 32. Kc3) 31. Nc6 $1 {Tyomkin,D}) (21... a5 22.
Rhf1 $1 Rf8 23. Bxe6 Bxe6 24. Nc7+ Kd7 25. Nxe6 $16 {Adorjan}) 22. Nxe7 Kxe7
23. Bxe6 Kxe6 24. Rhf1 {+/- /\ Qc4,Rf6 [Adorjan]} Re5 $1 (24... Rc5 25. Rf6+
Ke7 26. Qd4 Qc7 27. Rxd6 Rf8 $13) 25. Qc4+ d5 26. Rxd5 (26. exd5+ Kd6 $15 {
[%csl Re5] Black has strong defender on "e5"}) 26... Rxd5 27. exd5+ Kd6 28.
Qf4+ $13 {Tyomkin,D}) 21... Qxb4 22. Rhf1 Rf8 23. Qh5+ g6 (23... Kd8 24. Rxf8+
Bxf8 25. Qf7 $18) 24. Qxh7 Rxf1 (24... Qxe4 25. Rfe1 $16) 25. Qxg6+ $1 {
Tyomkin D}) 18... Rxd4 {Black shouldn't have believed white and should have
taken on b2.} (18... Rxb2 19. fxe6 fxe6 (19... Bxe6 {Gershon} 20. Nxe6 (20.
Bxe6 $6 fxe6 21. Qf7+ Kd7 22. Qxg7 Rb8 23. Rf7 Rxc2+ $1 24. Nxc2 Nb3+ 25. Kb1
Nd4+ 26. Kc1 Qb2+ 27. Kd2 Qxc2+ $19) 20... fxe6 21. Qf7+ Kd7 22. Nd5 (22. e5
Rxc2+ 23. Kxc2 Qb3+ 24. Kd2 Qb2+ $19) 22... Rxc2+ $8 (22... Rb1+ $2 23. Kd2
Rxd1+ 24. Kxd1 Qd8 25. Qxg7 $16) 23. Kxc2 Qb3+ 24. Kc1 Qc4+ 25. Kd2 Qd3+ 26.
Kc1 Qc4+ $11) (19... O-O $2 20. exf7+ Kh8 21. Bxc8 Na4 (21... Rxc8 $2 22. f8=Q+
Rxf8 23. Qxf8+ Bxf8 24. Rxf8#) 22. Nxa4 (22. Bd7 $18) 22... Rb1+ 23. Kd2 Qxd4+
24. Qd3 Rxd1+ 25. Kxd1 $18) 20. Qf7+ Kd8 21. Qxg7 $16 {[%csl Rb2][%cal Rd4c6,
Re4e5]}) 19. Rxd4 Nb3+ 20. cxb3 Qxd4 21. fxe6 fxe6 22. e5 $1 {[%cal Rf3a8]} (
22. Qf7+ $2 Kd8 23. Bxe6 Rf8) 22... Qxe5 $4 {Probably the decisive mistake!} (
22... Qxh4 23. exd6 (23. Ne4 d5 $1 (23... Rf8 24. Nxd6+ Kd7 (24... Bxd6 $4 25.
Qc6+ Bd7 26. Qa8+) 25. Nf7 Bxg5+ 26. Kb1 $40) 24. Nd6+ (24. Qf7+ Kd8 25. Qxg7
Re8 $17) 24... Bxd6 (24... Kd7 25. Bxe6+) 25. Qf7+ Kd8 26. Qxg7 (26. exd6 $2
Qxg5+ 27. Kb1 Qg6+) 26... Qxh3 27. Qxh8+ Kd7 28. Rf7+ Be7 29. Qf6 Qe3+ 30. Kb1
Qe1+ 31. Ka2 Qa5+ 32. Kb1 Qb4 $17) 23... Qxg5+ 24. Kb1 Bxd6 (24... Qg6+ 25. Ka2
Bxd6 26. Qc6+ Ke7 27. Nd5+ exd5 28. Re1+ Kf7 29. Bxc8 $40) 25. Qc6+ Ke7 26.
Qxd6+ Kxd6 27. Ne4+ $14) (22... Rf8 23. Qc6+ Kd8 $13) (22... d5 $142 $8 {
Gershon : This was the last chance to stay alive.} 23. Nxd5 (23. Qf7+ Kd8 24.
Bxe6 (24. Qxg7 Re8 $15) 24... Rf8 25. Qxf8+ Bxf8 26. Rxf8+ Ke7 27. Rxc8 Kxe6
$19) 23... Rf8 (23... exd5 24. Bxc8 Rf8 25. Qh5+ g6 26. Rxf8+ Bxf8 27. Qg4 (27.
Qxh7 $5 Qe3+ (27... Qc5+ 28. Kb1 Qxc8 29. Qxg6+ Kd8 30. h5 $16) 28. Kb1 Qe1+
29. Ka2 Qa5+ $11) 27... Qxg4 28. Bxg4 $11) 24. Qh5+ g6 25. Rxf8+ Bxf8 26. Nf6+
Kd8 27. Qf3 (27. Qd1 $2 Qxd1+ 28. Kxd1 h6 29. Bg2 $1 hxg5 30. hxg5 Bc5 31. Be4
Be3 32. Nh7 Bd4 33. Bxg6 Bxe5 34. Be4 Bxb2 35. g6 Ke7 36. Kd2 $11) 27... Qxe5
28. Qc6 (28. Nxh7 $2 Bg7 $17) 28... Qe3+ (28... Qc5+ 29. Qxc5 Bxc5 30. Nxh7 Bf2
31. Nf8 Bxh4 32. Bxe6 Bxg5+ (32... Bxe6 33. Nxe6+ Ke7 34. Nc7 Bxg5+ 35. Kc2 a5
36. b4 axb4 37. Nd5+ Ke6 38. Nxb4 Bf4 39. Nd3)) 29. Kb1 Qxb3 30. Qe8+ Kc7 31.
Qxf8 Qxh3 32. Ne8+ Kb8 33. Qd6+ Ka8 34. Qd8 Qf5+ $13) 23. Qa8 $16 {/+-} Qe3+ $6
{just helps white to bring rook to play via c-file} (23... Kd8 24. Kb1 $1 $16 {
[%cal Rf1c1] anyway!}) 24. Kb1 Kd8 25. Bg2 d5 (25... Qd3+ 26. Ka2 d5 27. Rc1
Qe3 28. Rc2 (28. Ne2 {Gershon} Bc5 29. Bxd5 $18) 28... Qd3 29. Kb1 {=game}) (
25... Rf8 26. Rc1 Qd3+ 27. Ka1 $18) 26. Rc1 {[%cal Rc3d5]} Qd3+ 27. Rc2 (27.
Ka2 {Gershon see previous variation.}) 27... Kd7 (27... Rf8 28. Nxd5 Bc5 29.
Qc6 $1 $18) 28. Nxd5 Bc5 29. Be4 (29. Nf4 $1 Qd1+ 30. Rc1 Qd6 31. Nxe6 (31. Bb7
) 31... Kxe6 (31... Qxe6 32. Rxc5 Ke7 33. Qa7+ (33. Rc7+ Bd7 34. Qxh8 Qe1+ 35.
Kc2 Qf2+ $13) 33... Bd7 34. Rc4 $1 $18 {[%cal Yc4a4,Yc4e4]}) 32. Bh3+ $18 Ke7
33. Bxc8 {White has pawn up and decisive attack}) (29. b4 {Gershon} Qd1+ 30.
Rc1 Qd3+ 31. Ka1 $18) 29... Qd4 30. Nf4 Bd6 (30... Qd6 31. Nxe6 $1 Kxe6 (31...
Qxe6 32. Rxc5 Ke7 33. Rc7+ Kd8 (33... Bd7 34. Qxh8 Qxe4+ 35. Ka2 Qe5 36. Qc8 $1
Qa5+ 37. Kb1 Qe1+ 38. Rc1 Qe4+ 39. Qc2 $18)) 32. b4 $1 $18 Bxb4 $140 33. Rc6) (
30... Qd1+ 31. Ka2 Qd6 32. Bb7 Rd8 33. Nd3 (33. Nxe6 Kxe6 (33... Qxe6 34. Rxc5)
34. Bxc8+) 33... Qxd3 34. Rxc5 Bxb7 35. Qxb7+ Ke8 36. Qxg7 $18) 31. Bb7 $1 {
Black could resign after this move} (31. Nxe6 $2 {Gershon} Kxe6 32. Rxc8 Rxc8
33. Qxc8+ Ke7 34. Bxh7 Qxh4 35. Qb7+ Kf8 36. Bg6 Qe1+ $11) 31... Bc7 (31...
Bxf4 32. Bxc8+ $18 (32. Bxc8+ {Gershon} Ke7 33. Qb7+ Ke8 34. Bxe6 $18)) (31...
Qxf4 32. Bxc8+ Ke7 33. Qb7+ Kf8 34. Bxe6) 32. Bxc8+ Rxc8 33. Qc6+ Ke7 34. Qxe6+
Kd8 35. Qg8+ (35. Nd5 $142 {Gershon Wins quicklier.} Qe5 36. Nxc7 Qxe6 37.
Nxe6+ Kd7 38. Rxc8 Kxc8 39. Nxg7) 35... Ke7 36. Qxc8 Bxf4 37. Qc5+ Qxc5 38.
Rxc5 Bd2 39. Rc7+ Kf8 40. Kc2 Bb4 41. h5 a5 42. g6 hxg6 43. hxg6 1-0